[Event "Wch U18"]
[Site "Montesilvano"]
[Date "2023.11.17"]
[Round "5"]
[White "Eidelman, Gabriel"]
[Black "Nguyen, Quoc Hy"]
[Result "1/2-1/2"]
[WhiteElo "2284"]
[BlackElo "2392"]
[PlyCount "91"]
[EventDate "2023.11.13"]
[EventType "swiss"]
[EventRounds "11"]
[EventCountry "ITA"]
[SourceTitle "CB48_2023"]
[SourceDate "2023.11.29"]
[SourceVersion "1"]
[SourceVersionDate "2023.11.29"]
[SourceQuality "1"]

1. Nf3 d5 2. g3 Nd7 3. d4 Nb6 4. Bg2 Bf5 5. 0-0 e6 6. b3 c6 7. Bb2 Be7 8. Nfd2 Nf6 9. Nc3 0-0 10. e4 dxe4 11. Ncxe4 a5 12. Nxf6+ Bxf6 13. Ne4 Be7 14. c4 a4 15. Qe2 Qc7 16. Rfd1 Rfe8 17. Rac1 Bf8 18. Qd3 Bg6 19. Qc3 axb3 20. axb3 Nd7 21. Ra1 Rxa1 22. Bxa1 Qb6 23. Bb2 Ra8 24. d5 cxd5 25. cxd5 exd5 26. Rxd5 Bxe4 27. Rxd7 Qe6 28. Rd4 Bxg2 29. Kxg2 h6 30. h3 Rc8 31. Rc4 Rxc4 32. bxc4 f6 33. Ba3 Qe4+ 34. Kg1 Bxa3 35. Qxa3 Kf7 36. Qc5 g6 37. h4 h5 38. Qb6 Qc6 39. Qd4 g5 40. hxg5 fxg5 41. Qd3 Kf6 42. Qd4+ Ke6 43. f4 gxf4 44. Qxf4 Qc5+ 45. Kg2 b6 46. Kh3 1/2-1/2

[Event "Titled Tuesday intern op 07th Feb Early"]
[Site "Chess.com INT"]
[Date "2023.02.07"]
[Round "1"]
[White "Horak, Martin"]
[Black "Nguyen, Quoc Hy"]
[Result "1/2-1/2"]
[WhiteElo "2220"]
[BlackElo "2352"]
[PlyCount "110"]
[EventDate "2023.02.07"]
[EventType "swiss (blitz)"]
[EventRounds "11"]
[EventCountry "USA"]
[SourceTitle "EXT 2024"]
[Source "ChessBase"]
[SourceDate "2023.10.10"]
[SourceVersion "1"]
[SourceVersionDate "2023.10.10"]
[SourceQuality "1"]

1. d4 d5 2. c4 c6 3. Nf3 e6 4. e3 Nf6 5. Nbd2 Nbd7 6. b3 Bd6 7. Bb2 0-0 8. Bd3 b6 9. 0-0 Bb7 10. cxd5 cxd5 11. Ne5 Ne4 12. Nxd7 Qxd7 13. Nxe4 dxe4 14. Be2 f5 15. f4 Bd5 16. Qd2 h6 17. Rac1 g5 18. g3 Kh7 19. Kh1 Rg8 20. Bc4 gxf4 21. gxf4 Rg7 22. Bxd5 exd5 23. Rg1 Rag8 24. Bc3 Qf7 25. Qe2 Rg4 26. Rxg4 Rxg4 27. Rg1 h5 28. Rxg4 hxg4 29. Be1 Qh5 30. Bg3 Qh3 31. Qb5 Bf8 32. Qd7+ Kh8 33. Kg1 Qh7 34. Qxd5 Qc7 35. Qe5+ Qxe5 36. fxe5 Kg7 37. Bf4 Kf7 38. d5 Bb4 39. Kf2 Ke7 40. Ke2 a6 41. Kd1 b5 42. a4 Bc3 43. Kc2 Be1 44. axb5 axb5 45. Kd1 Bc3 46. Ke2 Kd7 47. Kf1 Ke7 48. Kg2 Bd2 49. h3 Be1 50. hxg4 fxg4 51. Kf1 Bh4 52. Ke2 Ke8 53. Kf1 Ke7 54. Kg2 Be1 55. Kf1 Bh4 1/2-1/2

[Event "Titled Tuesday intern op 07th Feb Early"]
[Site "Chess.com INT"]
[Date "2023.02.07"]
[Round "8"]
[White "Nguyen, Quoc Hy"]
[Black "Akkarakaran, John Veny"]
[Result "1-0"]
[WhiteElo "2352"]
[BlackElo "2110"]
[PlyCount "81"]
[EventDate "2023.02.07"]
[EventType "swiss (blitz)"]
[EventRounds "11"]
[EventCountry "USA"]
[SourceTitle "EXT 2024"]
[Source "ChessBase"]
[SourceDate "2023.10.10"]
[SourceVersion "1"]
[SourceVersionDate "2023.10.10"]
[SourceQuality "1"]

1. e4 e6 2. d4 d5 3. Nc3 Nf6 4. exd5 exd5 5. Bd3 Bd6 6. Bg5 c6 7. Qd2 Nbd7 8. 0-0-0 0-0 9. Nf3 b5 10. Rde1 Qc7 11. Ne2 Ne4 12. Bxe4 dxe4 13. Nh4 Nb6 14. Ng3 f6 15. Be3 f5 16. Bg5 h6 17. Bxh6 gxh6 18. Ng6 Kg7 19. Nxf8 Bf4 20. Nh5+ Kxf8 21. Qxf4 Qxf4+ 22. Nxf4 Bd7 23. f3 exf3 24. gxf3 Kf7 25. Rhg1 Rd8 26. Nh5 Be8 27. Rg7+ Kf8 28. Rh7 Kg8 29. Nf6+ Kf8 30. Rh8+ Kg7 31. Rhxe8 Rxd4 32. Nh5+ Kg6 33. Ng3 Nc4 34. R8e6+ Kf7 35. Nxf5 Rf4 36. Nxh6+ Kg7 37. Rg1+ Kh7 38. Ng4 Rxf3 39. Nf6+ Kh6 40. Ng8+ Kh5 41. Rh6# 1-0

[Event "Titled Tuesday intern op 07th Feb Early"]
[Site "Chess.com INT"]
[Date "2023.02.07"]
[Round "6"]
[White "Nguyen, Quoc Hy"]
[Black "Antonios, Johnny"]
[Result "1-0"]
[WhiteElo "2352"]
[BlackElo "2269"]
[PlyCount "59"]
[EventDate "2023.02.07"]
[EventType "swiss (blitz)"]
[EventRounds "11"]
[EventCountry "USA"]
[SourceTitle "EXT 2024"]
[Source "ChessBase"]
[SourceDate "2023.10.10"]
[SourceVersion "1"]
[SourceVersionDate "2023.10.10"]
[SourceQuality "1"]

1. d4 Nf6 2. c4 e6 3. Nc3 Bb4 4. e3 0-0 5. Bd3 d5 6. Nf3 c5 7. 0-0 dxc4 8. Bxc4 b6 9. Qe2 Bb7 10. Rd1 Nbd7 11. a3 Bxc3 12. bxc3 Ne4 13. Bb2 Ng5 14. Ne1 Qf6 15. Bd3 e5 16. dxe5 Nxe5 17. f4 Nxd3 18. fxg5 Qxg5 19. Nxd3 Rae8 20. Re1 Ba6 21. Rad1 Re6 22. Qf2 Rfe8 23. Nf4 Re5 24. c4 Rf5 25. Rd5 Bxc4 26. e4 Bxd5 27. exf5 Rxe1+ 28. Qxe1 h6 29. Nxd5 Qxf5 30. Ne7+ 1-0

[Event "Titled Tuesday intern op 07th Feb Early"]
[Site "Chess.com INT"]
[Date "2023.02.07"]
[Round "9"]
[White "Nguyen, Quoc Hy"]
[Black "Bok, Benjamin"]
[Result "1-0"]
[WhiteElo "2352"]
[BlackElo "2607"]
[PlyCount "99"]
[EventDate "2023.02.07"]
[EventType "swiss (blitz)"]
[EventRounds "11"]
[EventCountry "USA"]
[SourceTitle "EXT 2024"]
[Source "ChessBase"]
[SourceDate "2023.10.10"]
[SourceVersion "1"]
[SourceVersionDate "2023.10.10"]
[SourceQuality "1"]

1. e4 c5 2. Nf3 d6 3. Bb5+ Nd7 4. 0-0 a6 5. Bxd7+ Bxd7 6. c3 Bg4 7. h3 Bh5 8. d4 e6 9. Re1 Be7 10. Qb3 Qc7 11. Be3 Nf6 12. Nbd2 0-0 13. Bf4 cxd4 14. cxd4 Rfc8 15. Qe3 Qb6 16. b3 d5 17. e5 Nd7 18. Nf1 Bxf3 19. gxf3 Bb4 20. Rec1 Ba3 21. Rxc8+ Rxc8 22. Ng3 Rc2 23. Nh5 Qd8 24. Kh2 Qh4 25. Ng3 Be7 26. Rc1 Rc6 27. Rg1 Nf8 28. Ne2 Ng6 29. Rg4 Qh5 30. Ng3 Nxf4 31. Qxf4 Qg6 32. Rxg6 hxg6 33. Qd2 b5 34. Kg2 b4 35. Ne2 a5 36. Kg3 g5 37. Nc1 Rc3 38. Ne2 Rc6 39. Kg2 Bd8 40. Ng3 g6 41. Nf1 Kg7 42. Nh2 Rc3 43. Ng4 Be7 44. Qe2 Kf8 45. Qa6 Rc2 46. Qxa5 Rd2 47. Qa8+ Kg7 48. Qe8 Bf8 49. Nf6 Rxd4 50. Nd7 1-0

[Event "Wch U16"]
[Site "Mamaia"]
[Date "2022.09.09"]
[Round "4"]
[White "Nguyen, Quoc Hy"]
[Black "Culum, Sanjin"]
[Result "1-0"]
[WhiteElo "2268"]
[BlackElo "2351"]
[PlyCount "79"]
[EventDate "2022.09.06"]
[EventType "swiss"]
[EventRounds "11"]
[EventCountry "ROU"]
[SourceTitle "CBM 210 Extra"]
[Source "ChessBase"]
[SourceDate "2022.11.30"]
[SourceVersion "1"]
[SourceVersionDate "2022.11.30"]
[SourceQuality "1"]

1. d4 Nf6 2. c4 e6 3. Nc3 Bb4 4. Qc2 d5 5. cxd5 exd5 6. Bg5 h6 7. Bh4 c5 8. dxc5 0-0 9. e3 Be6 10. Nf3 Nbd7 11. Be2 Rc8 12. 0-0 Nxc5 13. Nd4 g5 14. Bg3 Nce4 15. Qa4 Bxc3 16. bxc3 a6 17. Qb4 b5 18. a4 Nxc3 19. axb5 Nxe2+ 20. Nxe2 axb5 21. Nd4 Ne4 22. Qxb5 Qd7 23. Qe2 Bg4 24. Qa6 Be6 25. Rfb1 Nxg3 26. hxg3 Rb8 27. Rb6 Rxb6 28. Qxb6 Qd8 29. Qc5 Re8 30. Ra6 Qe7 31. Qb6 g4 32. Ne2 h5 33. Nf4 h4 34. Qd4 hxg3 35. Nh5 gxf2+ 36. Kf1 f6 37. Ra7 Bd7 38. Rxd7 Qxe3 39. Nxf6+ Kf8 40. Nh7+ 1-0

[Event "Titled Tuesday intern op 30th Aug Late"]
[Site "Chess.com INT"]
[Date "2022.08.30"]
[Round "9"]
[White "Lewtak, Damian"]
[Black "Nguyen, Quoc Hy"]
[Result "0-1"]
[WhiteElo "2396"]
[BlackElo "2268"]
[PlyCount "36"]
[EventDate "2022.08.30"]
[EventType "swiss (blitz)"]
[EventRounds "11"]
[EventCountry "USA"]
[SourceTitle "EXT 2023"]
[Source "ChessBase"]
[SourceDate "2022.10.05"]
[SourceVersion "1"]
[SourceVersionDate "2022.10.05"]
[SourceQuality "1"]

1. h4 d5 2. a4 Nf6 3. e3 e5 4. d3 Be7 5. Nd2 0-0 6. Be2 c5 7. g4 Nc6 8. g5 Ne8 9. e4 f5 10. exd5 Qxd5 11. Ngf3 Nd4 12. c3 Nxe2 13. Qxe2 e4 14. dxe4 fxe4 15. Nxe4 Bg4 16. c4 Qf5 17. Rg1 Bxf3 18. Nf6+ Nxf6 0-1

[Event "Titled Tuesday intern op 30th Aug Early"]
[Site "Chess.com INT"]
[Date "2022.08.30"]
[Round "8"]
[White "Makarian, Rudik"]
[Black "Nguyen, Quoc Hy"]
[Result "1-0"]
[WhiteElo "2499"]
[BlackElo "2268"]
[PlyCount "87"]
[EventDate "2022.08.30"]
[EventType "swiss (blitz)"]
[EventRounds "11"]
[EventCountry "USA"]
[SourceTitle "EXT 2023"]
[Source "ChessBase"]
[SourceDate "2022.10.05"]
[SourceVersion "1"]
[SourceVersionDate "2022.10.05"]
[SourceQuality "1"]

1. d4 d5 2. Nf3 c6 3. g3 Nf6 4. Bg2 Bf5 5. 0-0 e6 6. c4 Nbd7 7. Nc3 Be7 8. Nd2 0-0 9. e4 dxe4 10. Ndxe4 Nxe4 11. Nxe4 Nf6 12. Nc3 Qb6 13. b3 Rad8 14. Be3 Ng4 15. Qe2 Bf6 16. Na4 Qc7 17. Rfd1 Nxe3 18. Qxe3 h6 19. Rac1 Qa5 20. h4 b5 21. Nc5 bxc4 22. Rxc4 Qxa2 23. Bxc6 Bg4 24. Bf3 Bxf3 25. Qxf3 Rd5 26. Ne4 Be7 27. Nc3 Rf5 28. Qxf5 Qxb3 29. Qd3 a5 30. Rb1 Qa3 31. d5 exd5 32. Qxd5 Bb4 33. Ne4 Qa2 34. Rd1 Qe2 35. Qd3 Qa2 36. Rd4 Qe6 37. Qc4 Qf5 38. Qd5 Qf3 39. R4d3 Qe2 40. Qf5 a4 41. Qb5 Qxe4 42. Rd4 Qa8 43. Qxb4 a3 44. Qxf8+ 1-0

[Event "Titled Tuesday intern op 30th Aug Late"]
[Site "Chess.com INT"]
[Date "2022.08.30"]
[Round "11"]
[White "Nguyen, Quoc Hy"]
[Black "Bortnyk, Olexandr"]
[Result "0-1"]
[WhiteElo "2268"]
[BlackElo "2604"]
[PlyCount "80"]
[EventDate "2022.08.30"]
[EventType "swiss (blitz)"]
[EventRounds "11"]
[EventCountry "USA"]
[SourceTitle "EXT 2023"]
[Source "ChessBase"]
[SourceDate "2022.10.05"]
[SourceVersion "1"]
[SourceVersionDate "2022.10.05"]
[SourceQuality "1"]

1. d4 e5 2. c4 exd4 3. Nf3 c5 4. e3 dxe3 5. Bxe3 Nc6 6. Nc3 Nf6 7. Qc2 d6 8. 0-0-0 Be7 9. h3 0-0 10. g4 Be6 11. a3 a6 12. Bd3 g6 13. Bh6 Re8 14. Rde1 b5 15. Rxe6 fxe6 16. Bxg6 Bf8 17. Bxe8 Bxh6+ 18. g5 Nd4 19. Qd1 Bxg5+ 20. Nxg5 Qxe8 21. Rg1 Kh8 22. Ne2 Rc8 23. Nxd4 cxd4 24. Qf3 Qg6 25. b3 h6 26. Qb7 Rf8 27. Nf3 Qh7 28. Qxh7+ Nxh7 29. Nxd4 e5 30. Nc6 bxc4 31. bxc4 Rc8 32. Ne7 Rxc4+ 33. Kd2 Ng5 34. Kd3 Rd4+ 35. Ke3 Kh7 36. Nf5 Re4+ 37. Kd3 Rf4 38. Nxd6 Rd4+ 39. Ke3 Rxd6 40. h4 Nf7 0-1

[Event "Titled Tuesday intern op 30th Aug Early"]
[Site "Chess.com INT"]
[Date "2022.08.30"]
[Round "5"]
[White "Nguyen, Quoc Hy"]
[Black "Lorenzo de la Riva, Lazaro"]
[Result "1-0"]
[WhiteElo "2268"]
[BlackElo "2430"]
[PlyCount "69"]
[EventDate "2022.08.30"]
[EventType "swiss (blitz)"]
[EventRounds "11"]
[EventCountry "USA"]
[SourceTitle "EXT 2023"]
[Source "ChessBase"]
[SourceDate "2022.10.05"]
[SourceVersion "1"]
[SourceVersionDate "2022.10.05"]
[SourceQuality "1"]

1. d4 Nf6 2. c4 e6 3. Nc3 Bb4 4. Qc2 c5 5. dxc5 0-0 6. a3 Bxc5 7. b4 Be7 8. Bb2 a5 9. b5 d5 10. cxd5 exd5 11. e3 Be6 12. Nf3 Nbd7 13. Bd3 Nc5 14. 0-0 Rc8 15. Nd4 Qd7 16. a4 Nce4 17. Bxe4 Nxe4 18. Qd3 Nc5 19. Qe2 Bf6 20. Rad1 Rfe8 21. h3 Bxd4 22. Rxd4 Nb3 23. Rh4 d4 24. exd4 h6 25. Qd1 Bc4 26. Re1 Rxe1+ 27. Qxe1 Nxd4 28. Qe5 Nf5 29. Rg4 Re8 30. Qc5 Bb3 31. Ne4 Kh7 32. Qc3 f6 33. Qxb3 Qd6 34. Qf3 Qe6 35. Rf4 1-0

[Event "Titled Tuesday intern op 30th Aug Late"]
[Site "Chess.com INT"]
[Date "2022.08.30"]
[Round "6"]
[White "Nguyen, Quoc Hy"]
[Black "Paravyan, David"]
[Result "0-1"]
[WhiteElo "2268"]
[BlackElo "2592"]
[PlyCount "156"]
[EventDate "2022.08.30"]
[EventType "swiss (blitz)"]
[EventRounds "11"]
[EventCountry "USA"]
[SourceTitle "EXT 2023"]
[Source "ChessBase"]
[SourceDate "2022.10.05"]
[SourceVersion "1"]
[SourceVersionDate "2022.10.05"]
[SourceQuality "1"]

1. d4 Nf6 2. c4 g6 3. Nc3 d5 4. Bg5 Ne4 5. Bh4 Nxc3 6. bxc3 dxc4 7. e3 Qd5 8. Nf3 b5 9. Be2 Bb7 10. a4 a6 11. Qb1 Bg7 12. axb5 axb5 13. Rxa8 Bxa8 14. e4 Qxe4 15. Qxb5+ Nd7 16. 0-0 Qxe2 17. Re1 Bxf3 18. Rxe2 Bxe2 19. Qc6 f6 20. Qxc7 Nf8 21. d5 Bg4 22. d6 Bd7 23. dxe7 Kxe7 24. Qc5+ Kf7 25. Qxc4+ Be6 26. Qc7+ Nd7 27. h3 Ra8 28. Bg3 g5 29. c4 Ra1+ 30. Kh2 Rc1 31. Bd6 Rxc4 32. Qd8 Bf8 33. Bxf8 Nxf8 34. Qd6 Rc8 35. Qa6 Ng6 36. Qa7+ Ne7 37. Qe3 Rc4 38. Qd3 Ng6 39. Qd6 h5 40. Qb8 h4 41. Qa7+ Ne7 42. Qe3 Rc8 43. Qa7 Rg8 44. Qe3 Bd5 45. Qd4 Rc8 46. Qd2 Ra8 47. Qd4 Ra2 48. Qc5 Re2 49. Qd4 Re6 50. Qc5 Re4 51. Qb6 Rc4 52. Qd6 Rc2 53. Qa6 Rd2 54. Qb6 Ra2 55. Qe3 Be6 56. Qc5 Rd2 57. Qe3 Rd5 58. Qc3 Rf5 59. Qe3 Nd5 60. Qa7+ Ne7 61. Qd4 Re5 62. Qa7 Bd5 63. Qd4 Re4 64. Qa7 Re2 65. Qd4 Re6 66. Qa7 Bc6 67. Qd4 Ke8 68. Qc5 Kf8 69. Qd4 Kf7 70. Qc5 Nd5 71. Qa7+ Kg6 72. Qd4 Nf4 73. g3 hxg3+ 74. fxg3 Re2+ 75. Kg1 Rg2+ 76. Kf1 Rxg3 77. h4 Rf3+ 78. Kg1 Ne2+ 0-1

[Event "Titled Tuesday intern op 30th Aug Late"]
[Site "Chess.com INT"]
[Date "2022.08.30"]
[Round "8"]
[White "Nguyen, Quoc Hy"]
[Black "Zhigalko, Sergei"]
[Result "0-1"]
[WhiteElo "2268"]
[BlackElo "2572"]
[PlyCount "94"]
[EventDate "2022.08.30"]
[EventType "swiss (blitz)"]
[EventRounds "11"]
[EventCountry "USA"]
[SourceTitle "EXT 2023"]
[Source "ChessBase"]
[SourceDate "2022.10.05"]
[SourceVersion "1"]
[SourceVersionDate "2022.10.05"]
[SourceQuality "1"]

1. d4 Nf6 2. c4 e6 3. Nc3 Bb4 4. Qc2 0-0 5. a3 Bxc3+ 6. Qxc3 d6 7. Bg5 Nbd7 8. Nf3 b6 9. e3 Bb7 10. Be2 Qe8 11. 0-0 Ne4 12. Qc2 f5 13. Bh4 h6 14. Nd2 g5 15. Bg3 Qg6 16. Nxe4 Bxe4 17. Bd3 h5 18. Bxe4 fxe4 19. f3 h4 20. Be1 Nf6 21. f4 Ng4 22. Qe2 gxf4 23. Rxf4 Rxf4 24. exf4 h3 25. gxh3 Ne5+ 26. Bg3 Nf3+ 27. Kf2 Nxd4 28. Qg4 e3+ 29. Kg2 Kf7 30. Qxg6+ Kxg6 31. Re1 Nf5 32. Kf3 d5 33. Rd1 d4 34. Ke4 c5 35. Rg1 Kf7 36. Be1 Rg8 37. Rxg8 Kxg8 38. Kd3 Kf7 39. b4 Kg6 40. bxc5 bxc5 41. Ba5 Nd6 42. Bc7 Nb7 43. Be5 Kf5 44. Bg7 a6 45. h4 Kg4 46. Bf6 Kxf4 47. h5 Kf5 0-1

[Event "Titled Tuesday intern op 02nd Aug Early"]
[Site "Chess.com INT"]
[Date "2022.08.02"]
[Round "5"]
[White "Nguyen, Quoc Hy"]
[Black "Balint, Vilmos"]
[Result "1-0"]
[WhiteElo "2268"]
[BlackElo "2283"]
[PlyCount "65"]
[EventDate "2022.08.02"]
[EventType "swiss (blitz)"]
[EventRounds "11"]
[EventCountry "USA"]
[SourceTitle "EXT 2023"]
[Source "ChessBase"]
[SourceDate "2022.10.05"]
[SourceVersion "1"]
[SourceVersionDate "2022.10.05"]
[SourceQuality "1"]

1. d4 Nf6 2. c4 e6 3. Nc3 Bb4 4. Qc2 b6 5. e4 c5 6. d5 exd5 7. exd5 Qe7+ 8. Nge2 Qe4 9. Qxe4+ Nxe4 10. f3 Bxc3+ 11. bxc3 Nd6 12. Ng3 Ba6 13. Bf4 Nxc4 14. Nf5 0-0 15. 0-0-0 g6 16. Bxc4 Bxc4 17. Nd6 Ba6 18. h4 Bc8 19. h5 Na6 20. hxg6 fxg6 21. Be5 h5 22. g4 c4 23. gxh5 g5 24. Rdg1 Nc5 25. Rxg5+ Kh7 26. Rg7+ Kh6 27. Rg6+ Kh7 28. Bd4 Ba6 29. Rg7+ Kh6 30. Nf7+ Rxf7 31. Rxf7 Nd3+ 32. Kd2 Rg8 33. Be3+ 1-0

[Event "Titled Tuesday intern op 02nd Aug Early"]
[Site "Chess.com INT"]
[Date "2022.08.02"]
[Round "3"]
[White "Nguyen, Quoc Hy"]
[Black "Martinez, Shawn"]
[Result "1-0"]
[WhiteElo "2268"]
[BlackElo "1881"]
[PlyCount "69"]
[EventDate "2022.08.02"]
[EventType "swiss (blitz)"]
[EventRounds "11"]
[EventCountry "USA"]
[SourceTitle "EXT 2023"]
[Source "ChessBase"]
[SourceDate "2022.10.05"]
[SourceVersion "1"]
[SourceVersionDate "2022.10.05"]
[SourceQuality "1"]

1. d4 Nf6 2. c4 g6 3. Nc3 Bg7 4. e4 d6 5. Nf3 Bg4 6. Be2 Bxf3 7. Bxf3 Nc6 8. 0-0 e5 9. d5 Ne7 10. b4 0-0 11. c5 Nd7 12. Ba3 b6 13. Rc1 bxc5 14. bxc5 dxc5 15. Na4 Nc8 16. Nxc5 Nd6 17. Qa4 Nb6 18. Qc6 Nbc4 19. Nb7 Nxa3 20. Nxd8 Rfxd8 21. Qxc7 Nab5 22. Qa5 Nd4 23. h4 Bh6 24. Rc7 N4b5 25. Re7 Bf8 26. Rxe5 Nd4 27. Rg5 Be7 28. Rg4 h5 29. Rf4 g5 30. Qc7 Bf8 31. hxg5 Rac8 32. Qxa7 Bg7 33. Bxh5 N6b5 34. Bxf7+ Kh8 35. Rh4+ 1-0

[Event "Titled Tuesday intern op 02nd Aug Early"]
[Site "Chess.com INT"]
[Date "2022.08.02"]
[Round "1"]
[White "Nguyen, Quoc Hy"]
[Black "Xie, Bryan"]
[Result "1-0"]
[WhiteElo "2268"]
[BlackElo "2157"]
[PlyCount "101"]
[EventDate "2022.08.02"]
[EventType "swiss (blitz)"]
[EventRounds "11"]
[EventCountry "USA"]
[SourceTitle "EXT 2023"]
[Source "ChessBase"]
[SourceDate "2022.10.05"]
[SourceVersion "1"]
[SourceVersionDate "2022.10.05"]
[SourceQuality "1"]

1. d4 d5 2. c4 dxc4 3. Nf3 e6 4. e3 b5 5. a4 c6 6. axb5 cxb5 7. b3 a5 8. bxc4 b4 9. Bd3 Bb7 10. e4 Be7 11. 0-0 Nf6 12. e5 Nfd7 13. Bf4 Nb6 14. Nbd2 a4 15. c5 Nd5 16. Bb5+ Bc6 17. Bxc6+ Nxc6 18. Bg3 b3 19. Ne4 b2 20. Rxa4 b1Q 21. Rxa8 Qxe4 22. Rxd8+ Bxd8 23. Qa4 Nc3 24. Qa8 0-0 25. Re1 Ne2+ 26. Kh1 Nxg3+ 27. hxg3 Qd5 28. Ra1 Ba5 29. Rxa5 Rxa8 30. Rxa8+ Nd8 31. c6 h6 32. Rc8 Kh7 33. c7 Nc6 34. Rh8+ Kxh8 35. c8Q+ Kh7 36. Qb7 Kg6 37. Nh4+ Kh7 38. Qxf7 Nxd4 39. Qg6+ Kg8 40. Qe8+ Kh7 41. Ng6 Ne2 42. Nf8+ Kg8 43. Nxe6+ Kh7 44. Nf8+ Kh8 45. Kh2 Qd1 46. Ng6+ Kh7 47. Ne7 Qg1+ 48. Kh3 Qh1+ 49. Kg4 h5+ 50. Qxh5+ Qxh5+ 51. Kxh5 1-0

[Event "Titled Tuesday intern op 02nd Aug Early"]
[Site "Chess.com INT"]
[Date "2022.08.02"]
[Round "2"]
[White "Sarana, Alexey"]
[Black "Nguyen, Quoc Hy"]
[Result "1-0"]
[WhiteElo "2662"]
[BlackElo "2268"]
[PlyCount "113"]
[EventDate "2022.08.02"]
[EventType "swiss (blitz)"]
[EventRounds "11"]
[EventCountry "USA"]
[SourceTitle "EXT 2023"]
[Source "ChessBase"]
[SourceDate "2022.10.05"]
[SourceVersion "1"]
[SourceVersionDate "2022.10.05"]
[SourceQuality "1"]

1. c4 e5 2. g3 Nf6 3. Bg2 d5 4. cxd5 Nxd5 5. Nc3 Nb6 6. d3 Be7 7. Be3 0-0 8. Rc1 Be6 9. Bxb7 N8d7 10. Bxa8 Qxa8 11. Nf3 f5 12. Nb5 Nd5 13. Nxc7 Nxc7 14. Rxc7 f4 15. gxf4 exf4 16. Bd4 Bb4+ 17. Bc3 Bd6 18. Rg1 Rf7 19. Ng5 Bxc7 20. Nxe6 Be5 21. Ng5 Bxc3+ 22. bxc3 Rf5 23. Qb3+ Qd5 24. Ne6 Kf7 25. Qxd5 Rxd5 26. Nxf4 Ra5 27. Kd2 Rxa2+ 28. Ke3 a5 29. Rb1 g5 30. Nd5 Ke6 31. c4 a4 32. Rb7 a3 33. Ra7 Ra1 34. Nc7+ Kd6 35. Nb5+ Ke6 36. Rxa3 Rh1 37. Ra6+ Kf5 38. Rh6 Nf6 39. Nd4+ Ke5 40. f3 g4 41. f4+ Kd6 42. Rxf6+ Kd7 43. Rf7+ Kc8 44. Rxh7 g3 45. hxg3 Rxh7 46. g4 Kd7 47. g5 Re7+ 48. Kf3 Ke8 49. e4 Rd7 50. Ke3 Kf7 51. e5 Ra7 52. Ke4 Kg6 53. Ne6 Ra4 54. f5+ Kf7 55. g6+ Ke7 56. g7 Ra8 57. Ng5 1-0

[Event "Titled Tuesday intern op 02nd Aug Early"]
[Site "Chess.com INT"]
[Date "2022.08.02"]
[Round "7"]
[White "Steinberg, Nitzan"]
[Black "Nguyen, Quoc Hy"]
[Result "0-1"]
[WhiteElo "2542"]
[BlackElo "2268"]
[PlyCount "124"]
[EventDate "2022.08.02"]
[EventType "swiss (blitz)"]
[EventRounds "11"]
[EventCountry "USA"]
[SourceTitle "EXT 2023"]
[Source "ChessBase"]
[SourceDate "2022.10.05"]
[SourceVersion "1"]
[SourceVersionDate "2022.10.05"]
[SourceQuality "1"]

1. d4 d5 2. c4 e6 3. Nf3 Nf6 4. Nc3 c5 5. cxd5 Nxd5 6. e4 Nxc3 7. bxc3 cxd4 8. cxd4 Bb4+ 9. Bd2 Bxd2+ 10. Qxd2 0-0 11. Bc4 Nd7 12. 0-0 b6 13. Rfe1 Bb7 14. Rad1 Rc8 15. Bb3 Re8 16. h4 h6 17. Qf4 Qc7 18. e5 Nf6 19. Rc1 Qb8 20. Bc2 Rc3 21. Bh7+ Kxh7 22. Rxc3 Nd5 23. Qe4+ Kg8 24. Rcc1 b5 25. Qg4 b4 26. Rc5 Rc8 27. Rec1 Nc3 28. Nd2 Nxa2 29. Rxc8+ Bxc8 30. Ra1 Nc3 31. Nc4 b3 32. Nb2 Bb7 33. Kh2 Bd5 34. Qg3 Na2 35. Qe3 Qb4 36. h5 a5 37. g4 a4 38. g5 hxg5 39. Rg1 a3 40. Qxg5 Qf8 41. h6 g6 42. Nd3 b2 43. Nf4 Be4 44. Nh5 b1Q 45. Nf6+ Kh8 46. Rxb1 Bxb1 47. Ng4 Bf5 48. Qf6+ Kh7 49. Ne3 Qxh6+ 50. Kg1 Qg7 51. Qh4+ Kg8 52. Qd8+ Qf8 53. Qg5 Nc3 54. d5 Nxd5 55. Nxf5 exf5 56. Qd2 Ne7 57. Qb4 Qa8 58. e6 a2 59. exf7+ Kxf7 60. Qb3+ Kf6 61. Qb2+ Kf7 62. Qb3+ Kf8 0-1

[Event "Titled Tuesday intern op 02nd Aug Early"]
[Site "Chess.com INT"]
[Date "2022.08.02"]
[Round "4"]
[White "Swiercz, Dariusz"]
[Black "Nguyen, Quoc Hy"]
[Result "1/2-1/2"]
[WhiteElo "2652"]
[BlackElo "2268"]
[PlyCount "113"]
[EventDate "2022.08.02"]
[EventType "swiss (blitz)"]
[EventRounds "11"]
[EventCountry "USA"]
[SourceTitle "EXT 2023"]
[Source "ChessBase"]
[SourceDate "2022.10.05"]
[SourceVersion "1"]
[SourceVersionDate "2022.10.05"]
[SourceQuality "1"]

1. d4 d5 2. Bf4 Nf6 3. e3 c5 4. Nf3 Nc6 5. c3 Bg4 6. Nbd2 e6 7. Qb3 Qb6 8. Qxb6 axb6 9. Ne5 Nxe5 10. Bxe5 Nd7 11. Bb5 Kd8 12. Bg3 f6 13. 0-0 g5 14. a4 h5 15. h3 h4 16. Bh2 Bh5 17. Rfe1 g4 18. hxg4 Bxg4 19. f3 Bh5 20. Kf2 Bh6 21. Bf4 e5 22. Bxh6 Rxh6 23. Rh1 Bf7 24. Rh2 Nf8 25. Nb3 c4 26. Nd2 Ng6 27. b3 cxb3 28. Nxb3 Rc8 29. Rc1 Ke7 30. Nd2 Be6 31. Bd3 f5 32. dxe5 Nxe5 33. Bb5 Bd7 34. Ke2 Bxb5+ 35. axb5 Rc5 36. Rch1 Rxb5 37. Rxh4 Rxh4 38. Rxh4 Rb2 39. Rb4 Rxb4 40. cxb4 Nc6 41. b5 Na7 42. Kd3 Nxb5 43. Nb3 Ke6 44. Nd4+ Nxd4 45. Kxd4 Kd6 46. g4 fxg4 47. fxg4 b5 48. g5 b4 49. g6 Ke6 50. e4 dxe4 51. Kxe4 Kf6 52. Kd4 b5 53. Kd3 Kxg6 54. Kc2 Kf5 55. Kb3 Ke5 56. Kxb4 Kd6 57. Kxb5 1/2-1/2

[Event "Titled Tuesday intern op 19th Jul Early"]
[Site "Chess.com INT"]
[Date "2022.07.19"]
[Round "1"]
[White "Deuer, Marius"]
[Black "Nguyen, Quoc Hy"]
[Result "1/2-1/2"]
[WhiteElo "2338"]
[BlackElo "2268"]
[PlyCount "86"]
[EventDate "2022.07.19"]
[EventType "swiss (blitz)"]
[EventRounds "11"]
[EventCountry "USA"]
[SourceTitle "EXT 2023"]
[Source "ChessBase"]
[SourceDate "2022.10.05"]
[SourceVersion "1"]
[SourceVersionDate "2022.10.05"]
[SourceQuality "1"]

1. b3 d5 2. Bb2 Nf6 3. Nf3 Bf5 4. e3 e6 5. c4 c6 6. h3 Nbd7 7. Nc3 h6 8. d4 Bd6 9. Bd3 Bxd3 10. Qxd3 0-0 11. 0-0 Qe7 12. e4 dxe4 13. Nxe4 Nxe4 14. Qxe4 Ba3 15. Bc3 Bb4 16. Bxb4 Qxb4 17. Rad1 a5 18. Rfe1 a4 19. Re3 Rfd8 20. Qf4 axb3 21. axb3 Ra3 22. Qc7 Qf8 23. Qxb7 c5 24. dxc5 Nxc5 25. Rxd8 Qxd8 26. Qb4 Ra1+ 27. Kh2 Qc7+ 28. g3 Ra2 29. Kg2 Qc6 30. Qb8+ Kh7 31. Qf4 f5 32. Kg1 Ne4 33. Ne5 Qb6 34. Nd3 Qxb3 35. Rxe4 fxe4 36. Qxe4+ Kh8 37. Nf4 Qc2 38. Ng6+ Kg8 39. Qxe6+ Kh7 40. Nf8+ Kh8 41. Ng6+ Kh7 42. Nf8+ Kh8 43. Ng6+ Kh7 1/2-1/2